000
00276nam a2200109Ia 4500
008
220120s9999||||xx |||||||||||||| ||und||
100
_a
Godse, A.P
_9
1195
245
0
_a
Digital electronic fundamentals
260
_b
New Delhi
300
_a
274p.
_b
0
650
_a
ENERGY CONVERSION
999
_c
136249
_d
136249